Catholic or Orthodox - Easter Edition - Statistics

General Stats
  • This quiz has been taken 95 times
  • The average score is 6 of 10
Answer Stats
Question Answer % Correct
Have Easter Bunny as a symbol Catholic
88%
Harder Fast Orthodox
86%
Having a Lent Both
85%
Hunting for eggs Catholic
79%
Usually earlier Catholic
73%
Baking sweet bread Orthodox
65%
Have chocolate easter eggs Catholic
64%
Decorating eggs Both
48%
Lighting a large candle in church Catholic
11%
Playing egg fight Both
10%
No matching quizzes found
Score Distribution
Percent of People with Each Score
Percentile by Number Answered
Your Score History
You have not taken this quiz